00460cam a2200181 i 4500001000800000005001700008008004100025010001700066020001500083040001800098041000800116080001700124082001700141100000700158101000800165245007500173504003000248267847720180222032827.0751202s1976 mau b 001 0 eng  a 74016927  a0669936669 aDLCcDLCdDLC aeng a301.3207 KLI00a301.3207 KLI a50 aSOC00aIssues in population education /cedited by David Kline, David Harman. aBibliography: p. 267-279.